000
00295nam a2200109Ia 4500
008
200302s9999 xx 000 0 und d
100
_a
Marc Wortman and Others
245
_a
Public Transportation : on the Move
260
_b
Visual Reference Publications Inc.,
260
_c
2005
300
_a
223 P.,
999
_c
5385
_d
5385